Online Public Access Catalogue

Urology An Illustrated Colour Texet (Record no. 5974)

MARC details
000 -LEADER
fixed length control field 00425nam a2200145Ia 4500
020 ## - INTERNATIONAL STANDARD BOOK NUMBER
International Standard Book Number 9780443072642
082 ## - DEWEY DECIMAL CLASSIFICATION NUMBER
Classification number 616.6
Author Mark BUL
Edition number 1st
100 ## - MAIN ENTRY--PERSONAL NAME
Author Name Bullock,Nigel
245 #0 - TITLE STATEMENT
Title Urology An Illustrated Colour Texet
Statement of responsibility, etc. Bullock,Nigel
260 ## - PUBLICATION, DISTRIBUTION, ETC.
Place of publication, distribution, etc. Edinburgh
Name of publisher, distributor, etc. Churchill Livingstone Elsevier
Date of publication, distribution, etc. 2008
300 ## - PHYSICAL DESCRIPTION
No of Pages 158
illustrations ill
440 ## - SERIES STATEMENT/ADDED ENTRY--TITLE
Title Urology An Illustrated Colour Texet
650 ## - SUBJECT ADDED ENTRY--TOPICAL TERM
Subject Urology Surgical Procedure
942 ## - ADDED ENTRY ELEMENTS (KOHA)
Koha item type Books
Source of classification or shelving scheme
Edition 1st
952 ## - LOCATION AND ITEM INFORMATION (KOHA)
-- 2018-03-16
Holdings
Withdrawn status Lost status Source of classification or shelving scheme Damaged status Not for loan Home library Current library Shelving location Date acquired Total Checkouts Full call number Barcode Date last seen Koha item type
          Islamabad Medical and Dental College Islamabad Medical and Dental College Islamabad Medical and Dental College 16/03/2018   616.6 BUL 7726 16/03/2018 Books

Copyright @ IMDC Library
Islamabad Medical and Dental College
Bhara Kahu, Islamabad

  Contact the Librarian, IMDC
  Email:: library@imdcollege.edu.pk

  OPAC Customized by
  Mazhar Hussain,
  Librarian:
  Islamabad Medical and Dental College
  Email:: library@imdcollege.edu.pk